| 000 | 01288cam a2200349 i 4500 | ||
|---|---|---|---|
| 001 | 1618485 | ||
| 003 | EG-ScBUE | ||
| 005 | 20240609103137.0 | ||
| 008 | 960306s1997 enkbf f b 001 0deng d | ||
| 020 | _a1860640680 | ||
| 020 | _a9781860640681 | ||
| 035 | _a(OCoLC)36716962 | ||
| 040 |
_aIDeKN _beng _erda _cIDeKN _dDLC _dEG-ScBUE |
||
| 043 | _af-mw--- | ||
| 082 | 0 | 4 |
_a968.97041 _bBAK _222 |
| 100 | 1 |
_aBaker, Colin, _d1929- _eauthor. |
|
| 245 | 1 | 0 |
_aState of emergency : _bcrisis in Central Africa, Nyasaland 1959-1960 / _cColin Baker. |
| 264 | 1 |
_aLondon ; _a New York : _bTauris Academic Studies / I. B. Tauris, _c1997. |
|
| 300 |
_aix, 299 pages, [6] pages of plates : _bmaps ; _c23 cm. |
||
| 336 |
_2rdacontent _atext _btxt |
||
| 337 |
_aunmediated _2rdamedia _bn |
||
| 338 |
_avolume _bnc _2rdacarrier |
||
| 490 | 0 |
_aInternational library of African studies ; _v7 |
|
| 504 | _aIncludes bibliographical references and index. | ||
| 600 | 1 | 7 |
_aBanda, H. Kamuzu _q(Hastings Kamuzu), _d-1997. _2BUEsh |
| 651 | 7 |
_aMalawi _xHistory _y1953-1964. _2BUEsh |
|
| 651 | 7 |
_aMalawi _xPolitics and government. _2BUEsh |
|
| 653 |
_bBUSBOL _cMarch2017 |
||
| 655 | _vReading book | ||
| 942 |
_2ddc _cBB |
||
| 999 |
_c24486 _d24458 |
||